| 000 | 01488nab a2200241 i 4500 | ||
|---|---|---|---|
| 001 | 768714001 | ||
| 003 | CO-MdFUSB | ||
| 005 | 20260306155305.0 | ||
| 008 | 240710t1986 sz ||||| |||| 00| 0 eng d | ||
| 040 |
_bspa _cCO-MdFUSB _dCO-MdFUSB |
||
| 041 | _aeng | ||
| 100 |
_aWilliams, Stephen N., _d1952 _eautor |
||
| 245 |
_aReformed perspective on mission and hope _c/ Stephen N. Williams |
||
| 520 | _aEn este artículo se proclama sin cesar el camino de la fe, la esperanza y el amor. La esperanza y el amor no son, por supuesto, compartimentos separados de la vida, como si uno estuviera pensando en una especie de espiritualidad de las facultades que recuerda a la psicología de las facultades. Es el agente, no la "esperanza" o el "amor", el que opera estrictamente. Sin embargo, si la tarea de transformar el mundo y nutrir a todas las criaturas se intentara sin la cierta expectativa de que este mundo tuviera un futuro o de que todos se salvaran, sería una labor de amor, no una labor de esperanza, en el sentido de sentido relevante. | ||
| 546 | _aTexto en inglés. | ||
| 650 | 7 |
_aAmor _xAspectos religiosos _vCristianismo _9255 |
|
| 650 | 7 |
_aFe _9531 |
|
| 650 | 0 |
_aReforma de la iglesia _9958 |
|
| 650 | 7 |
_aTeología pastoral y unidad cristiana _97183 |
|
| 773 | 0 |
_049396 _982823 _dGinebra _oR2675 _tReformed World _w(CO-MdFUSB)38 _x0034-3056 _gVolumen 39, (número 4, 1986) páginas: 625 - 631 _qpágina: 625 |
|
| 942 | _cANA | ||
| 945 | _aCatherine Arias Álvarez - Practicante SENA | ||
| 999 |
_c70475 _d70475 |
||